|
|
|
|
| LEADER |
01985nam a2200433 i 4500 |
| 001 |
EBC2071160 |
| 003 |
MiAaPQ |
| 005 |
20200520144314.0 |
| 006 |
m o d | |
| 007 |
cr cnu|||||||| |
| 008 |
150624t20152015ne a ob 001 0 eng d |
| 020 |
|
|
|z 9780081001509
|
| 020 |
|
|
|a 9780081001882
|q (electronic bk.)
|
| 035 |
|
|
|a (MiAaPQ)EBC2071160
|
| 035 |
|
|
|a (Au-PeEL)EBL2071160
|
| 035 |
|
|
|a (CaPaEBR)ebr11066318
|
| 035 |
|
|
|a (CaONFJC)MIL801327
|
| 035 |
|
|
|a (OCoLC)911200714
|
| 040 |
|
|
|a MiAaPQ
|b eng
|e rda
|e pn
|c MiAaPQ
|d MiAaPQ
|
| 050 |
|
4 |
|a Z666.5
|b .S657 2015
|
| 082 |
0 |
|
|a 025
|2 23
|
| 100 |
1 |
|
|a Smiraglia, Richard P.,
|e author.
|
| 245 |
1 |
0 |
|a Domain analysis for knowledge organization :
|b tools for ontology extraction /
|c Richard P. Smiraglia.
|
| 264 |
|
1 |
|a Amsterdam, [Netherlands] :
|b Chandos Publishing,
|c 2015.
|
| 264 |
|
4 |
|c 2015
|
| 300 |
|
|
|a 1 online resource (116 pages) :
|b illustrations.
|
| 336 |
|
|
|a text
|2 rdacontent
|
| 337 |
|
|
|a computer
|2 rdamedia
|
| 338 |
|
|
|a online resource
|2 rdacarrier
|
| 490 |
1 |
|
|a Chandos Information Professional Series
|
| 504 |
|
|
|a Includes bibliographical references at the end of each chapters and index.
|
| 588 |
|
|
|a Description based on online resource; title from PDF title page (ebrary, viewed June 23, 2015).
|
| 590 |
|
|
|a Electronic reproduction. Ann Arbor, MI : ProQuest, 2016. Available via World Wide Web. Access may be limited to ProQuest affiliated libraries.
|
| 650 |
|
0 |
|a Information organization
|x Technological innovations.
|
| 655 |
|
4 |
|a Electronic books.
|
| 776 |
0 |
8 |
|i Print version:
|a Smiraglia, Richard P.
|t Domain analysis for knowledge organization : tools for ontology extraction.
|d Amsterdam, [Netherlands] : Chandos Publishing, c2015
|h viii, 105 pages
|k Chandos information professional series.
|z 9780081001509
|
| 797 |
2 |
|
|a ProQuest (Firm)
|
| 830 |
|
0 |
|a Chandos information professional series.
|
| 856 |
4 |
0 |
|u https://ebookcentral.proquest.com/lib/matrademy/detail.action?docID=2071160
|z Click to View
|